LEADER 00944nam0 22002893i 450 001 996250947103316 005 20180327122423.0 010 $a978-88-327-0126-5 100 $a20180306d2018----||||0itac50 ba 101 $aita 102 $aIT 105 $ay 00 y 200 1 $aConcorso per vigile urbano$emanuale completo per la preparazione ai concorsi nella polizia locale (municipale e provinciale) e con sezione dedicata ai vizi formali dei verbali in materia stradale ... 210 $aMolfetta$cNeldiritto$dstampa 2018 215 $aXXIV, 885 p.$d24 cm 225 $aConcorsi 410 0$aConcorsi$eteoria + quiz 606 0 $aVigili urbani$xManuali per concorsi$2BNCF 606 0 $2BNCF 676 $a344.45052332 801 0$aIT$bsalbc$gISBD 912 $a996250947103316 951 $aXXI.6. 547$b87109 G.$cXXI.6.$d410439 959 $aBK 969 $aGIU 996 $aConcorso per vigile urbano$91500745 997 $aUNISA LEADER 00900oam 2200301z- 450 001 9910141695703321 005 20040827091528.0 035 $a(CKB)2560000000289351 035 $a(BIP)021989183 035 $a(EXLCZ)992560000000289351 100 $a20220209c2002uuuu -u- - 101 0 $aita 200 10$aDella filosofia della storia /$fAurelio de' Giorgi Berto?la ; a cura di Fabrizio Lomonaco 210 $cLiguori Editore 215 $a1 online resource (lxxvi, 185 p.) 311 $a88-207-3353-6 311 $a88-207-6241-2 606 $aHistory$xPhilosophy 606 $aHistoriography 610 $aWorld history 610 $aHistory 615 0$aHistory$xPhilosophy. 615 0$aHistoriography. 700 $aBertola De' Giorgi$b Aurelio$f1753-1798.$0151794 906 $aBOOK 912 $a9910141695703321 996 $aDella filosofia della storia$9746940 997 $aUNINA LEADER 01152nam0 22002651i 450 001 UON00235338 005 20260303091414.844 010 $a88-87307-16-4 100 $a20030730d2000 |0itac50 ba 101 $aita 102 $aIT 105 $a||||0 ||||| 200 1 $aAlbania, Balcani e dintorni$eViaggi nei paesi post-comunisti dopo la caduta del muro$dAlbania, Balkans and environs$eTravel in post-communist countries after the fall of the wall$fAndrea Segrč 210 $aCasalecchio$cArianna Editrice$d2000 215 $a78 p.: in gran parte ill.$d20 cm. 606 $aBalcani$xStoria$xSec. 20.$3UONC042574$2FI 620 $dCasalecchio (BO)$3UONL002301 700 1$aSegrč$bAndrea$3UONV142479$0425272 712 $aArianna$3UONV259348$4650 801 $aIT$bSOL$c20260306$gRICA 899 $aSIBA - SISTEMA BIBLIOTECARIO DI ATENEO E ARCHIVIO STORICO$2UONSI 912 $aUON00235338 950 $aSIBA - SISTEMA BIBLIOTECARIO DI ATENEO E ARCHIVIO STORICO$dSI B 0140 $eSI SC 38157 5 0140 $sBuono 996 $aAlbania, Balcani e dintorni$91231853 997 $aUNIOR